00549 2200217 4500001002100000005001500021035002000036245004000056100002200096250000600118300003600124260003700160082001000197084001700207020001800224650002100242990001700263990001700280990001700297990001700314INLIS00000000000067720190125024946 a0010-01190001331 aBeternak Domba /cH. Rahmat Rukmana0 aH. Rahmat Rukmana a- avi, 106 hlm. :bilus. ;c21 cm. aSemarang :bCV Aneka Ilmu,c2008 a636.3 a636.3 RAH b a979-736-689-8 aPeternakan Domba a02550/P/2018 a02551/P/2018 a02552/P/2018 a02553/P/2018